[Event "CZE-chT2E 0910"]
[Site "Czech Republic"]
[Date "2010.04.18"]
[Round "11.5"]
[White "Bednar, Jakub"]
[Black "Vlacil, Vladimir"]
[Result "1-0"]
[WhiteElo "2091"]
[BlackElo "2060"]
[PlyCount "83"]
[EventDate "2009.10.18"]
[EventType "team-tourn"]
[EventRounds "11"]
[EventCountry "CZE"]
[SourceTitle "EXT 2012"]
[Source "ChessBase"]
[SourceDate "2011.11.24"]
[SourceVersion "1"]
[SourceVersionDate "2011.11.24"]
[SourceQuality "1"]
[WhiteTeam "Brno Lokomotiva III"]
[BlackTeam "Prostejov"]
[WhiteTeamCountry "CZE"]
[BlackTeamCountry "CZE"]

1. e4 c5 2. Nf3 e6 3. g3 d6 4. Bg2 Nc6 5. 0-0 Nf6 6. Re1 Be7 7. c3 d5 8. e5 Nd7 9. d4 Qb6 10. dxc5 Bxc5 11. Qc2 f6 12. exf6 Nxf6 13. Be3 0-0 14. Bxc5 Qxc5 15. Nbd2 Bd7 16. Nb3 Qb6 17. Re2 Rae8 18. Rae1 Ne4 19. Nfd4 Nxd4 20. Nxd4 e5 21. Bxe4 dxe4 22. Qb3+ Qxb3 23. Nxb3 Bc6 24. Na5 Rd8 25. Nxc6 bxc6 26. Rxe4 Rd2 27. R1e2 Rfd8 28. Rxe5 R8d7 29. f4 Rd1+ 30. Kf2 Kf7 31. c4 h6 32. Re6 R7d6 33. Re7+ Kf6 34. Rxa7 Rh1 35. Kg2 Rc1 36. b3 g5 37. fxg5+ Kxg5 38. Ra5+ Kg6 39. Rae5 Kf6 40. c5 Rd5 41. Re6+ Kf5 42. Rxh6 1-0

[Event "CZE-chT2E 0910"]
[Site "Czech Republic"]
[Date "2010.01.17"]
[Round "5.7"]
[White "Benes, Miroslav"]
[Black "Bednar, Jakub"]
[Result "1/2-1/2"]
[WhiteElo "1986"]
[BlackElo "2091"]
[PlyCount "57"]
[EventDate "2009.10.18"]
[EventType "team-tourn"]
[EventRounds "11"]
[EventCountry "CZE"]
[SourceTitle "EXT 2012"]
[Source "ChessBase"]
[SourceDate "2011.11.24"]
[SourceVersion "1"]
[SourceVersionDate "2011.11.24"]
[SourceQuality "1"]
[WhiteTeam "Zlin II"]
[BlackTeam "Brno Lokomotiva III"]
[WhiteTeamCountry "CZE"]
[BlackTeamCountry "CZE"]

1. e4 e5 2. Nf3 Nc6 3. Bb5 g6 4. c3 Nge7 5. d4 Bg7 6. d5 Nb8 7. d6 Nec6 8. Bg5 f6 9. Be3 cxd6 10. Qxd6 Qe7 11. Qd5 d6 12. Bc4 Nd8 13. 0-0 Be6 14. Qb5+ Nbc6 15. Na3 0-0 16. Rad1 Bxc4 17. Nxc4 Nf7 18. Qb3 Kh8 19. h4 Qc7 20. Rd5 Ne7 21. Rb5 b6 22. a4 Rab8 23. Rd1 Qc6 24. Ncd2 Nc8 25. a5 a6 26. Rd5 Ne7 27. Rd3 bxa5 28. Qa2 Nc8 29. Rd5 1/2-1/2

[Event "CZE-chT2E 0910"]
[Site "Czech Republic"]
[Date "2009.11.08"]
[Round "2.6"]
[White "Lamser, Tomas"]
[Black "Bednar, Jakub"]
[Result "1/2-1/2"]
[WhiteElo "1944"]
[BlackElo "2091"]
[PlyCount "44"]
[EventDate "2009.10.18"]
[EventType "team-tourn"]
[EventRounds "11"]
[EventCountry "CZE"]
[SourceTitle "EXT 2012"]
[Source "ChessBase"]
[SourceDate "2011.11.24"]
[SourceVersion "1"]
[SourceVersionDate "2011.11.24"]
[SourceQuality "1"]
[WhiteTeam "Brno Lokomotiva"]
[BlackTeam "Brno Lokomotiva III"]
[WhiteTeamCountry "CZE"]
[BlackTeamCountry "CZE"]

1. e4 c5 2. Nf3 Nc6 3. d4 cxd4 4. Nxd4 Nf6 5. Nc3 e5 6. Ndb5 d6 7. Bg5 a6 8. Na3 b5 9. Nd5 Be7 10. Bxf6 Bxf6 11. c3 Ne7 12. Nxf6+ gxf6 13. Nc2 Bb7 14. Qg4 Rg8 15. Qh4 Ng6 16. Qg4 Qc8 17. Qxc8+ Rxc8 18. 0-0-0 Bxe4 19. Rxd6 Rc6 20. Rxc6 Bxc6 21. Nb4 Bb7 22. a4 bxa4 1/2-1/2

[Event "CZE-chT2E 0809"]
[Site "Czech Republic"]
[Date "2009.04.05"]
[Round "11.4"]
[White "Pavlik, Petr"]
[Black "Bednar, Jakub"]
[Result "0-1"]
[WhiteElo "1952"]
[BlackElo "2103"]
[PlyCount "102"]
[EventDate "2008.10.12"]
[EventType "tourn"]
[EventRounds "11"]
[EventCountry "CZE"]
[SourceTitle "EXT 2010"]
[Source "ChessBase"]
[SourceDate "2010.11.25"]
[SourceVersion "1"]
[SourceVersionDate "2010.11.25"]
[SourceQuality "1"]
[WhiteTeam "Litovel II"]
[BlackTeam "Brno Lokomotiva III"]
[WhiteTeamCountry "CZE"]
[BlackTeamCountry "CZE"]

1. d4 d5 2. Nf3 Nf6 3. g3 Bf5 4. Bg2 e6 5. 0-0 h6 6. c4 dxc4 7. Qa4+ c6 8. Qxc4 Na6 9. a3 Bd6 10. Nc3 Nc7 11. Nd2 e5 12. dxe5 Bxe5 13. Qb4 Bc8 14. Nc4 Na6 15. Qa4 Bxc3 16. Rd1 Bd4 17. Bxc6+ bxc6 18. Qxc6+ Qd7 19. Qxa8 0-0 20. Be3 Bb7 21. Qxf8+ Kxf8 22. Rxd4 Qe6 23. b3 Nd5 24. Rad1 Nxe3 25. Nxe3 g6 26. R1d3 Nc5 27. Rc3 Qf6 28. Nc2 Ne6 29. Rdd3 Be4 30. Rc8+ Kg7 31. Re3 Ng5 32. f3 Qf5 33. Rec3 Bb7 34. R8c7 Qe5 35. Kf2 Ne6 36. R7c4 Ba6 37. Re3 Qf5 38. Rc6 Bb5 39. Rcc3 h5 40. a4 Ba6 41. Kg2 h4 42. b4 h3+ 43. Kf2 Qd5 44. b5 Bb7 45. Red3 Qe5 46. Re3 Qf6 47. Red3 Be4 48. Re3 Bxc2 49. Rxc2 Qa1 50. Rxe6 fxe6 51. Rc7+ Kh6 0-1